Out of the alleyway: Nakagami Kenji and the poetics of outcaste fiction (Record no. 1319411)
[ view plain ]
| 000 -LEADER | |
|---|---|
| fixed length control field | 00746nam a2200217Ia 4500 |
| 005 - DATE AND TIME OF LATEST TRANSACTION | |
| control field | 20250507130404.0 |
| 008 - FIXED-LENGTH DATA ELEMENTS--GENERAL INFORMATION | |
| fixed length control field | 008 250505s9999 xx 000 0 eng d |
| 020 ## - INTERNATIONAL STANDARD BOOK NUMBER | |
| International Standard Book Number | 9780674026032 |
| 037 ## - SOURCE OF ACQUISITION | |
| Stock number | Annuals, Advances |
| 040 ## - CATALOGING SOURCE | |
| Original cataloging agency | EASL |
| Language of cataloging | eng |
| Transcribing agency | EASL |
| 041 ## - LANGUAGE CODE | |
| Language code of text/sound track or separate title | eng |
| Source of code | eng |
| 084 ## - COLON CLASSIFICATION NUMBER | |
| Classification number | O42v, 111P7 |
| Assigning agency | EASL |
| 100 ## - MAIN ENTRY--PERSONAL NAME | |
| Personal name | Zimmerman Eve Au. |
| 9 (RLIN) | 667596 |
| 245 #0 - TITLE STATEMENT | |
| Title | Out of the alleyway: Nakagami Kenji and the poetics of outcaste fiction |
| 260 ## - PUBLICATION, DISTRIBUTION, ETC. | |
| Place of publication, distribution, etc. | USA |
| Name of publisher, distributor, etc. | Cambridge (Mass.) Harvard University Asia Center |
| Date of publication, distribution, etc. | 2007 |
| 300 ## - PHYSICAL DESCRIPTION | |
| Extent | xii,264p. |
| 365 ## - TRADE PRICE | |
| Price type code | ¥ |
| Price amount | 4993 |
| 650 ## - SUBJECT ADDED ENTRY--TOPICAL TERM | |
| Topical term or geographic name entry element | Nakagami Kenji Criticism and interpretation; Buraku people in literature |
| 9 (RLIN) | 755328 |
| 942 ## - ADDED ENTRY ELEMENTS (KOHA) | |
| Koha item type | Textual |
| Classification part | O42v, 111P7 |
No items available.
